ბათუმის შოთა რუსთაველის სახელმწიფო უნივერსიტეტის ბიბლიოთეკა

О духовности : (ბიბ.ჩანაწერი № 61233)

000 -LEADER
fixed length control field 00891nam a22001817a 4500
005 - DATE AND TIME OF LATEST TRANSACTION
control field 20240109150710.0
008 - FIXED-LENGTH DATA ELEMENTS--GENERAL INFORMATION
fixed length control field 240109s1991 ru ||||| |||| 00| 0 rus d
041 ## - LANGUAGE CODE
Language code of text/sound track or separate title rus
080 ## - UNIVERSAL DECIMAL CLASSIFICATION NUMBER
Universal Decimal Classification number 130+17 O-11
245 ## - TITLE STATEMENT
Title О духовности :
Remainder of title
Statement of responsibility, etc. Ответственный редактор Н.З. Чавчавадзе; Академия наук Грузии, Институт философии.
264 ## - PRODUCTION, PUBLICATION, DISTRIBUTION, MANUFACTURE, AND COPYRIGHT NOTICE
Place of production, publication, distribution, manufacture Тбилиси :
Name of producer, publisher, distributor, manufacturer "Мецниереба",
Date of production, publication, distribution, manufacture, or copyright notice 1991.
300 ## - PHYSICAL DESCRIPTION
Extent 106 c.:
Other physical details 22 cm.
653 ## - INDEX TERM--UNCONTROLLED
keyword ადამიანის სულიერი ცხოვრება
653 ## - INDEX TERM--UNCONTROLLED
keyword ნობიერება. სინდისი.
700 ## - ADDED ENTRY--PERSONAL NAME
Personal name Чавчавадзе, Н.З.,
Relator term რედაქტორი, სტატიის ავტორი.
9 (RLIN) 20991
710 ## - ADDED ENTRY--CORPORATE NAME
Corporate name or jurisdiction name as entry element Академия Наук Грузии.
Date of meeting or treaty signing Институт философии.
9 (RLIN) 20992
942 ## - ADDED ENTRY ELEMENTS (KOHA)
Source of classification or shelving scheme
Koha item type წიგნი
ეგზემპლარები
Withdrawn status Lost status Source of classification or shelving scheme Damaged status Not for loan Permanent Location Current Location Shelving location Date acquired Cost, normal purchase price Full call number Barcode Date last seen Copy number Uniform Resource Identifier Price effective from Koha item type Public note
          ბათუმის შოთა რუსთაველის სახელმწიფო უნივერსიტეტის მთავარი ბიბლიოთეკა ბათუმის შოთა რუსთაველის სახელმწიფო უნივერსიტეტის მთავარი ბიბლიოთეკა წიგნსაცავი 2024-01-09 4.00 130+17 O-11 65729 2024-01-09 65729 ბსუ-ს საპატიო დოქტორის გურამ ლორთქიფანიძის საჩუქარი 2024-01-09 წიგნი 4 ლ.